| 000 | 01192nam a22003737i 4500 | ||
|---|---|---|---|
| 001 | B-12593 | ||
| 003 | CO-BoFNCP | ||
| 007 | t|| | ||
| 008 | 090911s2007 ck r spa d | ||
| 040 |
_aCO-BoFNCP _bspa _cCO-BoFNCP _erda |
||
| 041 | _aspa | ||
| 043 | _ack | ||
| 084 | _aA- | ||
| 100 | 1 |
_aBaquero, Diana, _eautor. _4aut _941688 |
|
| 245 | 0 | 0 | _aConstrucción de una agenda de investigación con enfoque prospectivo. |
| 264 | 4 | _c©2007 | |
| 300 |
_apáginas 1-4 : _bFotografías. |
||
| 336 |
_atexto _btxt _2rdacontent |
||
| 337 |
_asin mediación _bn _2rdamedia |
||
| 338 |
_avolumen _bnc _2rdacarrier |
||
| 504 | _aIncluye referencias bibliográficas. | ||
| 650 | 0 |
_aInvestigación. _913642 |
|
| 650 | 0 |
_aOleína. _918199 |
|
| 650 | 0 |
_aPalma de aceite _937678. |
|
| 700 | 1 |
_aBernal, Paloma _941689. |
|
| 700 | 1 |
_aGuevara, Martha L. _941123. |
|
| 700 | 1 |
_aMosquera M., Mauricio _937090. |
|
| 700 | 1 |
_aSilva, Álvaro _941690. |
|
| 710 | 1 |
_aCorporación Centro de Investigación en Palma de Aceite, Cenipalma [Colombia] _936971. |
|
| 773 | 0 |
_aCeniavances (Colombia) _gNo. 156 (Diciembre 2007), p.1-4 _wA- _x0123-8353 |
|
| 942 |
_2z _c1 |
||
| 999 |
_c26565 _d26565 |
||
| 999 | _z1 | ||